Mary Tyler Moore Theme Song Quiz Stats

 Plays Quiz Updated Feb 21, 2020

Support Sporcle.
Go Orange.
Score 0/72 Timer 06:00
1 Play Today
% Correct
a
97.1%
it
94.1%
it.
94.1%
it.
94.1%
it.
94.1%
it?
94.1%
it
94.1%
it
94.1%
you
93.1%
you
93.1%
you
93.1%
You
93.1%
you
93.1%
the
92.5%
the
92.4%
make
90.1%
make
90.1%
make
90.1%
all
89.7%
all
89.7%
all.
89.7%
all.
89.7%
and
87.2%
and
87.2%
and
87.2%
can
87.1%
can
87.1%
can
87.1%
after
84.8%
after
84.8%
on
83.9%
Who
82.3%
Who
82.3%
gonna
81.6%
gonna
81.6%
You're
81.5%
% Correct
You're
81.5%
her
81.1%
world
80.8%
take
80.7%
take
80.7%
with
80.5%
With
80.5%
is
80.4%
smile?
78.8%
girl,
78.6%
to
77%
know
76.8%
it's
76.3%
day,
76.3%
no
75.6%
turn
75%
should
72.9%
Love
71.9%
seem
71%
worthwhile?
69.9%
show
69%
Well
68.4%
around,
68.3%
every
68.3%
suddenly
65.8%
nothing
62.4%
need
62.2%
little
62.1%
each
61.9%
why
61.4%
don't
61.4%
movement
55.3%
have
47.7%
glance
46%
waste
38%
town,
28%

You're not logged in!

Compare scores with friends on all Sporcle quizzes.
OR
Log In

From the Vault

Cats, Dogs, and Kangaroos!

by metashades

Oddly, this won't be the first time we've shouted 'Who let all these kangaroos in here?'
Remove Ads.
Support Sporcle.
Get the best of Sporcle when you Go Orange. This ad-free experience offers more features, more stats, and more fun while also helping to support Sporcle. Thank you for becoming a member.

Show Comments

Extras

Top Quizzes Today


Score Distribution

Your Account Isn't Verified!

In order to create a playlist on Sporcle, you need to verify the email address you used during registration. Go to your Sporcle Settings to finish the process.

Report this User

Report this user for behavior that violates our Community Guidelines.

Details: